1398 1017 1674 1309 1130 1700 1152 1723 1583 1298 1078 1420 1973 1186 1903 1092 1445 1580 1929 1350 1586 1591 1674 1481 1605 1717 1060 1867 1426 1553 1198 1631 1755 1762 1099 1744 1161 1423 1649 1093 1684 1937 1947 1777 1856 1703 1975 1697 1544 1413 1571 1329 1491 1568 1656 1393 1471 1083 1133 1791 1189 1043 1827 1893 1199 1013 1463 1503 1094 1094 1733 1090 1818 1621 1034 1941 1906 1386 1724 1102 1585 1694 1459 1002 1268 1303 1583 1204 1568 1352 1237 1826 1276 1876 1491 1925 1095 1124 1816 BCNSPRNW ULIB Ver.6.0+V

เปลี่ยนเป็นภาษาไทย

Change to English
 แสดงรายละเอียดบรรณานุกรม
  กลับหน้าหลัก

Brief Record : Get Marc (ISO 2709) : E-mail record : QR code < ปิดหน้าต่าง
LEADER : 00000nam 2200000uu 4500
001    13399123770
003     ULIB
008    141126s2556||||th 000 0 tha d
020    ^a9786169153429
060    ^aWB105^bฟ176
245 00 ^aFrom global perspective to everyday practices/^cบรรณาธิการ; ดุสิต สถาวร, สหดล ปุญญถาวร, ครรชิต ปิยะเวชวิรัตน์
250    ^aพิมพ์ครั้งที่ 1
260    ^aกรุงเทพฯ :^bสมาคมเวชบำบัดวิกฤตแห่งประเทศไทย,^c2556.
300    ^axvi, 495 หน้า :^bภาพประกอบ
650  7 ^aการดูแลขั้นวิกฤต
650  7 ^aภาวะฉุกเฉิน
650  7 ^aผู้ป่วยหนัก^xการดูแล
650  7 ^aผู้ป่วยใกล้ตาย^xการดูแล
650  2 ^aCritical care,^xUpdate
650  2 ^aFluid,^xManagement
650  2 ^aSepsis & Septic shock,^xManagement
650  2 ^aShock
650  2 ^aRespiratory,^xCritical care
650  7 ^aระบบทางเดินอาหาร
650  2 ^aGastrointestinal,^xCritical care
650  2 ^aNeurologic,^xCritical care
650  2 ^aMetabolism & Nutrition
650  2 ^aMiscellaneous
700 0  ^aดุสิต สถาวร,^eบรรณาธิการ
700 0  ^aสหดล ปุญญถาวร,^eบรรณาธิการ
700 0  ^aครรชิต ปิยะเวชวิรัตน์,^eบรรณาธิการ
710 2  ^aสมาคมเวชบำบัดวิกฤตแห่งประเทศไทย
810 1  ^aการประชุมวิชาการและการอบรมระยะสั้นประจำปี 2556 ^bCritical care medicine 2013 :From global perspective to everyday practices
945    ^p560^l0^i037246
945    ^p560^l0^i037247
945    ^p560^l0^i037248
945    ^p560^l0^i037249
945    ^p560^l0^i037250
945    ^p560^l0^i037251
945    ^p560^l0^i037252
945    ^p560^l0^i037253
945    ^p560^l0^i037254
945    ^p560^l0^i037255
945    ^p560^l0^i000778
945    ^p560^l0^i000779
945    ^p560^l0^i000780
999    ^aเกษร โพธิ์สุวรรณ
รายการนี้ยังไม่มีแท็ก
คุณยังไม่ได้ล็อกอิน คุณสามารถมีกิจกรรมร่วมกับเว็บไซต์ได้ แต่ต้องล็อกอินก่อน ::
  ล็อกอิน

รายการสื่อสารสนเทศ

ลำดับที่ ประเภท เลขเรียก/บาร์โค้ด สถานที่ สถานะ
1. วิทยาศาสตร์การแพทย์ และสุขภาพ
หนังสือสำรอง
สถานะ=หนังสือสำรอง
WB105 ฟ176 ฉ.1 
  Barcode: 037246
ห้องสมุดวิทยาเขตสวรรค์ประชารักษ์
►ส่วนจัดเก็บหนังสือเก่า สปร
บนชั้น
  ขอยืม
2. วิทยาศาสตร์การแพทย์ และสุขภาพ
วิทยาศาสตร์การแพทย์ และสุขภาพ
WB105 ฟ176 ฉ.10 
  Barcode: 037255
ห้องสมุดวิทยาเขตสวรรค์ประชารักษ์
►ส่วนจัดเก็บหนังสือเก่า สปร
บนชั้น
  ขอยืม
3. Book การพยาบาล
Book การพยาบาล
WB105 ฟ176 ฉ.11 
  Barcode: 000778
ห้องสมุดวิทยาเขตสวรรค์ประชารักษ์
►ส่วนจัดเก็บหนังสือเก่า สปร
บนชั้น
  ขอยืม
4. Book การพยาบาล
Book การพยาบาล
WB105 ฟ176 ฉ.12 
  Barcode: 000779
ห้องสมุดวิทยาเขตสวรรค์ประชารักษ์
►ส่วนจัดเก็บหนังสือเก่า สปร
บนชั้น
  ขอยืม
5. Book การพยาบาล
Book การพยาบาล
WB105 ฟ176 ฉ.13 
  Barcode: 000780
ห้องสมุดวิทยาเขตสวรรค์ประชารักษ์
►ส่วนจัดเก็บหนังสือเก่า สปร
บนชั้น
  ขอยืม
6. วิทยาศาสตร์การแพทย์ และสุขภาพ
วิทยาศาสตร์การแพทย์ และสุขภาพ
WB105 ฟ176 ฉ.2 
  Barcode: 037247
ห้องสมุดวิทยาเขตสวรรค์ประชารักษ์
►ส่วนจัดเก็บหนังสือเก่า สปร
บนชั้น
  ขอยืม
7. วิทยาศาสตร์การแพทย์ และสุขภาพ
วิทยาศาสตร์การแพทย์ และสุขภาพ
WB105 ฟ176 ฉ.3 
  Barcode: 037248
ห้องสมุดวิทยาเขตสวรรค์ประชารักษ์
►ส่วนจัดเก็บหนังสือเก่า สปร
บนชั้น
  ขอยืม
8. วิทยาศาสตร์การแพทย์ และสุขภาพ
วิทยาศาสตร์การแพทย์ และสุขภาพ
WB105 ฟ176 ฉ.4 
  Barcode: 037249
ห้องสมุดวิทยาเขตสวรรค์ประชารักษ์
►ส่วนจัดเก็บหนังสือเก่า สปร
บนชั้น
  ขอยืม
9. วิทยาศาสตร์การแพทย์ และสุขภาพ
วิทยาศาสตร์การแพทย์ และสุขภาพ
WB105 ฟ176 ฉ.5 
  Barcode: 037250
ห้องสมุดวิทยาเขตสวรรค์ประชารักษ์
►ส่วนจัดเก็บหนังสือเก่า สปร
บนชั้น
  ขอยืม
10. วิทยาศาสตร์การแพทย์ และสุขภาพ
วิทยาศาสตร์การแพทย์ และสุขภาพ
WB105 ฟ176 ฉ.6 
  Barcode: 037251
ห้องสมุดวิทยาเขตสวรรค์ประชารักษ์
►ส่วนจัดเก็บหนังสือเก่า สปร
บนชั้น
  ขอยืม
11. วิทยาศาสตร์การแพทย์ และสุขภาพ
วิทยาศาสตร์การแพทย์ และสุขภาพ
WB105 ฟ176 ฉ.7 
  Barcode: 037252
ห้องสมุดวิทยาเขตสวรรค์ประชารักษ์
►ส่วนจัดเก็บหนังสือเก่า สปร
บนชั้น
  ขอยืม
12. วิทยาศาสตร์การแพทย์ และสุขภาพ
วิทยาศาสตร์การแพทย์ และสุขภาพ
WB105 ฟ176 ฉ.8 
  Barcode: 037253
ห้องสมุดวิทยาเขตสวรรค์ประชารักษ์
►ส่วนจัดเก็บหนังสือเก่า สปร
บนชั้น
  ขอยืม
13. วิทยาศาสตร์การแพทย์ และสุขภาพ
วิทยาศาสตร์การแพทย์ และสุขภาพ
WB105 ฟ176 ฉ.9 
  Barcode: 037254
ห้องสมุดวิทยาเขตสวรรค์ประชารักษ์
►ส่วนจัดเก็บหนังสือเก่า สปร
บนชั้น
  ขอยืม

รายการใกล้เคียง
    หัวเรื่อง [การดูแลขั้นวิกฤต]
    หัวเรื่อง [ภาวะฉุกเฉิน]
    หัวเรื่อง [Shock]
    หัวเรื่อง [ระบบทางเดินอาหาร]
    หัวเรื่อง [Metabolism & Nutrition]
    หัวเรื่อง [Miscellaneous]

BibComment


ยังไม่เคยถูกคอมเมนท์

คอมเมนท์ทรัพยากรรายการนี้
  คอมเมนท์: From global pers..


 Copyright 2026. Bcnsprnw @Library